000 00972nam a22003017a 4500
003 CHAP
005 20220817042305.0
008 971013s1927 r 00010 d
010 _a39795
011 _a40767
035 _a44893
040 _cCHAP
082 _a338.47678
_bE83m
110 _aE.U.A. Department of Commerce. Bureau of Foreign and Domestic Commerce
_934900
245 _aMarketing of crude rubber, with trade statistics
260 _aWashington :
_bThe Department,
_c1927
300 _a257 p.
_b: ilus.
590 _aBATCH-UPD
_b10
_c20130110
_lUCH01
_h1929
590 _aBATCH-UPD
_b10
_c20130410
_lUCH01
_h1254
590 _aBATCH-UPD
_b10
_c20130914
_lUCH01
_h0901
590 _aCONVERSION
_b10
_c20130109
_lUCH01
_h1322
650 1 4 _aAgricultura
_xAspectos económicos.
650 1 4 _aCaucho
_xIndustria.
_920550
700 0 _aHolt, E. G.
_956014
901 _aBK
942 _cLIBRO
949 _a338.47678 E83m
_bBC
_cLIBRO
_d-102831
_eLIBRO
_h6098
_i44893
_si
999 _c39795
_d39795